000 00676nam a22002297i 4500
003 URS
005 20220114153002.0
008 160505b xxu||||| |||| 00| 0 eng d
020 _a9789718171851
040 _erda
_cURSP-College Library
_beng
050 _b808.066 T22 2012
100 1 _aTabotab0, Claudio V.
245 _aTechnical communication
_cTabotabo, Claudio V.
264 1 _aManila
_bBooklore Pub. Corpages
_c2012.
300 _avii, 283pages
_c23cm
336 _atext
_btxt
_2rdacontent
337 _aunmediated
_bn
_2rdamedia
338 _avolume
_bnc
_2rdacarrier
500 _aIncludes references and appendixes
650 0 _aTechnical writing.
942 _2lcc
_cF
999 _c7955
_d7955